[Event "LI C.to Italiano"]
[Site "Chianciano Terme ITA"]
[Date "1991.12.??"]
[Round "9"]
[White "Vezzosi, Paolo"]
[Black "Vaccani, Alberto"]
[WhiteElo "2330"]
[BlackElo "2270"]
[Result "1/2-1/2"]
[PlyCount "109"]
[EventDate "1991.12.11"]

1. c4 c5 2. Nf3 Nf6 3. Nc3 Nc6 4. d4 cxd4 5. Nxd4 e6 6. Ndb5 Bc5 7. Bf4 O-O 8.
Bc7 Qe7 9. Bd6 Bxd6 10. Qxd6 Qxd6 11. Nxd6 b6 12. g3 Rb8 13. Bg2 Bb7 14. Nxb7
Rxb7 15. Nb5 a6 16. Nd6 Rc7 17. O-O Rb8 18. Rfd1 Kf8 19. Rd2 Ne8 20. Rad1 Na7
21. b3 Nxd6 22. Rxd6 Ke7 23. e4 f6 24. f4 Nc8 25. e5 Ra7 26. exf6+ gxf6 27.
R6d4 f5 28. Bf3 b5 29. c5 b4 30. Re1 Kf6 31. h3 Rb5 32. Rc1 Rc7 33. Be2 Rb6 34.
Rxd7 Rxd7 35. cxb6 Nxb6 36. Rc6 Nd5 37. Rxa6 Nc3 38. Bc4 Rd1+ 39. Kg2 Re1 40.
a4 bxa3 41. Rxa3 Re4 42. Ra1 Rd4 43. Ra6 Re4 44. Rd6 Ke7 45. Rd3 Re2+ 46. Kf3
Rc2 47. Ke3 h5 48. Kd4 Ne4 49. h4 Rb2 50. Re3 Kd6 51. Bd3 Nc5 52. Be2 Rxb3 53.
Bxh5 Rb4+ 54. Kc3 Rb3+ 55. Kd4 1/2-1/2

[Event "LI C.to Italiano"]
[Site "Chianciano Terme ITA"]
[Date "1991.12.??"]
[Round "10"]
[White "Sarno, Spartaco"]
[Black "Rossi, Carlo"]
[WhiteElo "2385"]
[BlackElo "2325"]
[Result "1-0"]
[PlyCount "97"]
[EventDate "1991.12.11"]

1. d4 f5 2. g3 Nf6 3. Bg2 e6 4. c4 d5 5. Nf3 c6 6. O-O Bd6 7. Bf4 Bxf4 8. gxf4
O-O 9. Nbd2 Bd7 10. Qb3 Qb6 11. c5 Qxb3 12. Nxb3 Na6 13. Ne5 Be8 14. Na5 Rb8
15. a3 Nd7 16. Nd3 Bh5 17. f3 h6 18. b4 Nc7 19. a4 a6 20. Kf2 Kf7 21. h4 Bg6
22. Rh1 Bh7 23. Rag1 Rg8 24. e3 Bg6 25. Bf1 Bh5 26. Be2 Rgc8 27. Rb1 Kf8 28.
Rb2 Be8 29. Rhb1 Kg8 30. Nc1 Nf6 31. Na2 Kh7 32. Rb3 Bd7 33. Nc3 b6 34. cxb6
Rxb6 35. Na2 Rcb8 36. Rc3 Ng8 37. Rbc1 Ne7 38. Nb3 Ra8 39. Nc5 Bc8 40. a5 Rbb8
41. Rb1 Ra7 42. Nc1 Kg8 43. N1d3 Nb5 44. Rcb3 Nd6 45. Ne5 Nf7 46. Ned3 Nd6 47.
Nb2 Nb7 48. Nba4 Nd6 49. Nb6 1-0

[Event "LI C.to Italiano"]
[Site "Chianciano Terme ITA"]
[Date "1991.12.??"]
[Round "10"]
[White "Vaccani, Alberto"]
[Black "Ceschia, Ivano"]
[WhiteElo "2270"]
[BlackElo "2325"]
[Result "1-0"]
[PlyCount "119"]
[EventDate "1991.12.11"]

1. e4 c5 2. Nf3 d6 3. d4 cxd4 4. Nxd4 Nf6 5. Nc3 Nc6 6. Bc4 Bd7 7. O-O g6 8.
Nb3 Bg7 9. f4 O-O 10. h3 b5 11. Bd3 b4 12. Ne2 Qb6+ 13. Kh1 a5 14. Nd2 a4 15.
Nc4 Qc7 16. Ne3 a3 17. bxa3 Nxe4 18. Rb1 Nc3 19. Nxc3 bxc3 20. Nd5 Qd8 21. Qe1
e6 22. Nxc3 Nd4 23. Ne2 Bc6 24. Nxd4 Bxd4 25. Qg3 Bg7 26. Rb3 Ra4 27. Bd2 Bd5
28. Bb4 Bxb3 29. axb3 Ra8 30. Be4 Rc8 31. Rd1 Re8 32. Rxd6 Qf6 33. Rd1 Red8 34.
Bd3 Qb2 35. a4 h5 36. Qe1 Qd4 37. Bd2 e5 38. Be3 Qd6 39. fxe5 Bxe5 40. a5 Bc3
41. Bd2 Re8 42. Qf2 Bd4 43. Qf3 Ba7 44. Rf1 f5 45. Qf4 Qf8 46. b4 Bb8 47. Qg5
Re6 48. b5 Bd6 49. Rxf5 Qg7 50. Rf1 Rc5 51. Qh4 Be7 52. Qg3 h4 53. Qg4 Rd6 54.
a6 Bd8 55. Bb4 Rg5 56. Qc4+ Kh8 57. Bxd6 Bb6 58. Rf8+ Qxf8 59. Bxf8 Re5 60. Qc3
1-0

[Event "LI C.to Italiano"]
[Site "Chianciano Terme ITA"]
[Date "1991.12.??"]
[Round "11"]
[White "Rossi, Carlo"]
[Black "Manca, Federico"]
[WhiteElo "2325"]
[BlackElo "2410"]
[Result "1/2-1/2"]
[PlyCount "24"]
[EventDate "1991.12.11"]

1. Nf3 c5 2. g3 Nc6 3. Bg2 d5 4. O-O e5 5. d3 Nf6 6. Bg5 Be7 7. Nfd2 Ng8 8.
Bxe7 Ngxe7 9. Nc3 Be6 10. e4 O-O 11. exd5 Nxd5 12. Nde4 b6 1/2-1/2

[Event "LI C.to Italiano"]
[Site "Chianciano Terme ITA"]
[Date "1991.12.??"]
[Round "11"]
[White "Vallifuoco, Giacomo"]
[Black "Vaccani, Alberto"]
[WhiteElo "2360"]
[BlackElo "2270"]
[Result "1/2-1/2"]
[PlyCount "85"]
[EventDate "1991.12.11"]

1. d4 e6 2. c4 f5 3. Nf3 Nf6 4. g3 d5 5. Bg2 c6 6. O-O Bd6 7. b3 Qe7 8. Bb2 O-O
9. Qc1 Bd7 10. Ba3 Bxa3 11. Qxa3 Qxa3 12. Nxa3 Be8 13. Ne5 Nbd7 14. Nxd7 Nxd7
15. f4 Bh5 16. e3 Kf7 17. Rfc1 Ke7 18. Nc2 Rf6 19. Nb4 Rg8 20. Rc2 g5 21. Nd3
Bf7 22. Kf2 Rh6 23. Rh1 Nf6 24. Ne5 Ng4+ 25. Nxg4 fxg4 26. c5 gxf4 27. exf4 Bg6
28. Rb2 Bf5 29. b4 a6 30. Ke3 Rhg6 31. a4 Ra8 32. Ra1 Rgg8 33. Raa2 Kd7 34. Bf1
Kc7 35. Kd2 h5 36. Kc3 Rh8 37. b5 axb5 38. axb5 cxb5 39. Bxb5 h4 40. Kb4 Rxa2
41. Rxa2 hxg3 42. hxg3 Rh1 43. Ra3 1/2-1/2